000 00314nam a2200121Ia 4500
008 190802s9999 xx 000 0 und d
020 _a978-93-325-8491-4
100 _aA.H.Studenmund
245 0 _aB A Practical Guide to Using Econometrics
260 _aNew Delhi
_bPearson
_c2018
300 _a572:p
942 _cBK
999 _c2106
_d2106